• Allen Woody

di Personal Name

Records bibliografici associati: 1

001 - CONTROL NUMBER

  • control field: 52284

003 - CONTROL NUMBER IDENTIFIER

  • control field: IT-RoPau

005 - DATE AND TIME OF LATEST TRANSACTION

  • control field: 20151202214941.0

008 - FIXED-LENGTH DATA ELEMENTS

  • fixed length control field: 151202|| aca||aabn | a|a d

040 ## - CATALOGING SOURCE

  • Original cataloging agency: IT-RoPau
  • Transcribing agency: IT-RoPau

100 ## - HEADING--PERSONAL NAME

  • Personal name: Allen Woody
  • Relator term: (soggetto)
  • Miscellaneous information: Codice Soggetto SPICS: 9980

670 ## - SOURCE DATA FOUND

  • Source citation: Work cat.: (IT-RoPau)107484: Allen Woody Codice regista SPICS: 9980 52281, OMBRE E NEBBIA OMBRE E NEBBIA (Rif. Codice opera principale : C2222)
CREDITS: SOCIETA' SAN PAOLO Via A.Severo, 58 - ROMA (RM) & PERIODICI SAN PAOLO SRL Via Giotto, 36 MILANO & CISF Via Giotto, 36 MILANO & EDIZIONI SAN PAOLO SRL,  Piazza Soncino, 5 CINISELLO BALSAMO (MI) -- ITALY